[Event "Qatar Masters Open 2015"]
[Site "Doha QAT"]
[Date "2015.12.26"]
[Round "6.28"]
[White "Lenderman, Aleksandr"]
[Black "Pham, Le Thao Nguyen"]
[Result "1/2-1/2"]
[WhiteElo "2626"]
[BlackElo "2319"]
[PlyCount "224"]
[EventDate "2015.12.20"]
[EventType "swiss"]
[EventRounds "9"]
[EventCountry "QAT"]
[Source "lmi"]
[SourceDate "2015.12.20"]

1. d4 Nf6 2. c4 e6 3. Nc3 d5 4. cxd5 exd5 5. Bg5 c6 6. Qc2 h6 7. Bh4 Be6 8. e3
Nbd7 9. Be2 Qa5 10. Nf3 g5 11. Bg3 Ne4 12. Kf1 Nxg3+ 13. hxg3 Be7 14. Nd2 Nf6
15. Na4 Qc7 16. Nc5 Bc8 17. Nf3 Ng4 18. Bd3 Kf8 19. Bf5 Kg7 20. Rc1 Bd6 21.
Bxc8 Qxc8 22. Qb3 Rb8 23. Qa4 a6 24. Rc3 Re8 25. Qc2 f5 26. Kg1 Re7 27. Nd3 Qe6
28. Qd2 Rbe8 29. Rc1 Qf7 30. Qd1 Qe6 31. b4 Rf8 32. Qd2 Qd7 33. a4 Qe8 34. Kf1
Qb8 35. Re1 Rfe8 36. Qb2 Qc7 37. Qb1 Qd7 38. Qa1 Qe6 39. Qb2 Qd7 40. Nfe5 Qe6
41. f4 Nf6 42. Nf2 a5 43. bxa5 Ra8 44. g4 Bxe5 45. dxe5 Nxg4 46. Nd3 Rxa5 47.
Qb4 Ra8 48. Nc5 Qf7 49. Rh3 Kg6 50. a5 d4 51. e6 Qf6 52. fxg5 Qxg5 53. Qxd4
Rxa5 54. Nd7 Ra8 55. Ra1 Rae8 56. Nc5 Qf6 57. Rb1 Qxd4 58. exd4 b5 59. Ra1 Rd8
60. Rd3 Kg5 61. Ke2 Rd6 62. Ra8 Rdxe6+ 63. Nxe6+ Rxe6+ 64. Kd2 Rd6 65. Rg8+ Kf6
66. Ke2 Kf7 67. Rh8 Kg7 68. Rc8 Nf6 69. Rc7+ Kg6 70. Rg3+ Ng4 71. Kd3 Kf6 72.
Rc8 Nf2+ 73. Kc2 Ng4 74. Rd3 Kg5 75. Kc3 Nf6 76. Kd2 Kf4 77. Rh8 Ne4+ 78. Kc2
Ng5 79. Kd2 Kg4 80. Ke2 f4 81. Rg8 Re6+ 82. Kf1 Rd6 83. Rc3 Kf5 84. Rc8 Rxd4
85. R3xc6 Ra4 86. Rxh6 Ra1+ 87. Ke2 Ra2+ 88. Kf1 Ra1+ 89. Ke2 Ra2+ 90. Kd3 Rxg2
91. Rc5+ Kg4 92. Rg6 Rg3+ 93. Ke2 Kh4 94. Rxb5 Re3+ 95. Kd1 Rg3 96. Rf5 Nh3 97.
Rgf6 Kg4 98. Rf8 Ra3 99. R5f7 Kg3 100. Rg7+ Kf3 101. Kc2 Ra2+ 102. Kb3 Re2 103.
Rf5 Nf2 104. Rgf7 Re4 105. Kc3 Ke3 106. Rc7 Re8 107. Kc2 Re4 108. Rd5 Kf3 109.
Rc3+ Re3 110. Rf5 Rxc3+ 111. Kxc3 Ke3 112. Rxf4 Kxf4 1/2-1/2

[Event "Qatar Masters Open 2015"]
[Site "Doha QAT"]
[Date "2015.12.26"]
[Round "6.29"]
[White "Wei, Yi"]
[Black "Bromberger, Stefan"]
[Result "1-0"]
[WhiteElo "2730"]
[BlackElo "2521"]
[PlyCount "71"]
[EventDate "2015.12.20"]
[EventType "swiss"]
[EventRounds "9"]
[EventCountry "QAT"]
[Source "lmi"]
[SourceDate "2015.12.20"]

1. e4 e5 2. Nf3 Nf6 3. Nxe5 d6 4. Nf3 Nxe4 5. Nc3 Nxc3 6. dxc3 Be7 7. Be3 O-O
8. Qd2 Nd7 9. O-O-O c6 10. c4 Nc5 11. Bxc5 dxc5 12. Qf4 Qa5 13. Bd3 Bf6 14. a3
Be6 15. Ng5 Bxg5 16. Qxg5 Rad8 17. Rhe1 Rfe8 18. f4 h6 19. Qh5 f6 20. Bg6 Rxd1+
21. Qxd1 Rd8 22. Rxe6 Rxd1+ 23. Kxd1 Qd8+ 24. Ke2 Kf8 25. Kf3 Qd7 26. Re1 Qd8
27. Kg4 Qd7+ 28. Kh5 Qd8 29. a4 a5 30. g4 Qd7 31. h4 Qd8 32. Re8+ Qxe8 33. Bxe8
Kxe8 34. Kg6 Kf8 35. Kh7 Kf7 36. g5 1-0

[Event "Qatar Masters Open 2015"]
[Site "Doha QAT"]
[Date "2015.12.26"]
[Round "6.30"]
[White "Sundararajan, Kidambi"]
[Black "Moiseenko, Alexander"]
[Result "0-1"]
[WhiteElo "2513"]
[BlackElo "2689"]
[PlyCount "190"]
[EventDate "2015.12.20"]
[EventType "swiss"]
[EventRounds "9"]
[EventCountry "QAT"]
[Source "lmi"]
[SourceDate "2015.12.20"]

1. d4 Nf6 2. c4 e6 3. Nf3 Bb4+ 4. Nbd2 O-O 5. e3 d5 6. a3 Be7 7. Bd3 b6 8. O-O
c5 9. b3 cxd4 10. exd4 Bb7 11. Re1 Nc6 12. Bb2 Re8 13. Rc1 Rc8 14. Nf1 Bf8 15.
Ne3 g6 16. cxd5 exd5 17. Ne5 Bh6 18. Rc2 Re6 19. N3g4 Nxg4 20. Qxg4 Nxe5 21.
dxe5 Rxc2 22. Bxc2 Bg7 23. Bd3 Rc6 24. b4 Bc8 25. Qe2 Be6 26. Qe3 Qc8 27. Qf4
Bf5 28. Bxf5 Qxf5 29. Qxf5 gxf5 30. Kf1 Kf8 31. f4 Rc4 32. g3 Ke7 33. Re2 Ke6
34. Rd2 a5 35. bxa5 bxa5 36. Ke2 Bf8 37. Kd3 a4 38. Rd1 Bc5 39. Rb1 Kd7 40. Re1
Re4 41. Rc1 Kc6 42. Rc2 Kb5 43. Bc1 Rd4+ 44. Ke2 Rc4 45. Rb2+ Kc6 46. Rb1 Rc3
47. Kd2 d4 48. Rb8 h5 49. Rh8 Bxa3 50. Bxa3 Rxa3 51. Rxh5 Ra1 52. Rxf5 a3 53.
Rxf7 a2 54. Ra7 Rh1 55. Kd3 a1=Q 56. Rxa1 Rxa1 57. Kxd4 Rh1 58. f5 Rxh2 59. Ke4
Rg2 60. Kf4 Kd5 61. e6 Kd6 62. g4 Ke7 63. Kg5 Rg1 64. Kh5 Kf6 65. Kh4 Re1 66.
Kg3 Kg5 67. Kf3 Re5 68. Kg3 Re3+ 69. Kf2 Ra3 70. Kg2 Rb3 71. Kf2 Rc3 72. Kg2
Rc4 73. Kf3 Ra4 74. Ke3 Rb4 75. Kf3 Rc4 76. Ke3 Ra4 77. Kf3 Ra1 78. Kf2 Ra3 79.
Kg2 Kf6 80. Kf2 Ke7 81. Kg2 Kd6 82. Kf2 Ke5 83. Kg2 Rb3 84. Kf2 Kd6 85. Kg2 Ke7
86. Kf2 Kf6 87. Kg2 Kg5 88. Kf2 Rh3 89. Kg2 Rh8 90. Kf3 Rh4 91. Ke3 Rh1 92. Kf3
Rg1 93. Ke3 Rg3+ 94. Kd4 Rxg4+ 95. Ke5 Rg1 0-1

[Event "Qatar Masters Open 2015"]
[Site "Doha QAT"]
[Date "2015.12.26"]
[Round "6.31"]
[White "Aravindh, Chithambaram VR"]
[Black "Adhiban, B."]
[Result "1/2-1/2"]
[WhiteElo "2486"]
[BlackElo "2669"]
[PlyCount "87"]
[EventDate "2015.12.20"]
[EventType "swiss"]
[EventRounds "9"]
[EventCountry "QAT"]
[Source "lmi"]
[SourceDate "2015.12.20"]

1. Nf3 d5 2. g3 g6 3. Bg2 Bg7 4. O-O Nf6 5. c4 dxc4 6. Qa4+ Nfd7 7. Qxc4 Nb6 8.
Qc2 Nc6 9. Nc3 Bg4 10. h3 Bxf3 11. Bxf3 Nd4 12. Qe4 Nxf3+ 13. Qxf3 c6 14. d3
O-O 15. h4 h6 16. Rd1 f5 17. d4 Qd7 18. d5 Rad8 19. Be3 Nxd5 20. Bxa7 Qe6 21.
Bd4 Bxd4 22. Rxd4 Nxc3 23. bxc3 Rxd4 24. cxd4 Ra8 25. a3 Kf7 26. Rb1 b5 27. Rc1
h5 28. Rc5 Ra4 29. d5 cxd5 30. Qxd5 Rxa3 31. Qxe6+ Kxe6 32. Rxb5 Ra4 33. e3 Kf6
34. Kg2 Ra2 35. Rb6+ e6 36. Rb8 Rc2 37. Rf8+ Ke7 38. Rg8 Kf7 39. Ra8 Rb2 40.
Ra7+ Kf6 41. Ra8 Kf7 42. Ra7+ Kf6 43. Ra8 Kf7 44. Ra7+ 1/2-1/2

[Event "Qatar Masters Open 2015"]
[Site "Doha QAT"]
[Date "2015.12.26"]
[Round "6.32"]
[White "Ipatov, Alexander"]
[Black "Ma, Zhonghan"]
[Result "1-0"]
[WhiteElo "2619"]
[BlackElo "2463"]
[PlyCount "141"]
[EventDate "2015.12.20"]
[EventType "swiss"]
[EventRounds "9"]
[EventCountry "QAT"]
[Source "lmi"]
[SourceDate "2015.12.20"]

1. d4 Nf6 2. c4 e6 3. Nc3 Bb4 4. Nf3 O-O 5. Bg5 h6 6. Bh4 c5 7. Rc1 cxd4 8.
Nxd4 Nc6 9. e3 b6 10. Be2 Bb7 11. O-O Ne5 12. Ndb5 Ng6 13. Bg3 d5 14. cxd5 Nxd5
15. Nxd5 Qxd5 16. Qxd5 Bxd5 17. e4 Bb7 18. Bd6 Bxd6 19. Nxd6 Nf4 20. Bc4 Rab8
21. Rfd1 Rfd8 22. g3 Nh3+ 23. Kg2 Ng5 24. f3 Nh7 25. Bb5 Nf6 26. Kf2 Ba8 27.
Ba6 Rd7 28. Ke1 g5 29. g4 h5 30. h3 Rbd8 31. Bb5 Rxd6 32. Rxd6 Rxd6 33. Rc8+
Kh7 34. Rxa8 a5 35. Ke2 hxg4 36. hxg4 e5 37. Rc8 Kg7 38. a3 Nh7 39. Re8 Re6 40.
Rd8 Nf8 41. Bc4 Rc6 42. b3 a4 43. Kd2 axb3 44. Bxb3 Rf6 45. Rd3 Ng6 46. a4 Nh4
47. Bd1 Ng6 48. Kc3 Nf4 49. Rd7 Rc6+ 50. Kb4 Ne6 51. Bb3 Nd4 52. Rxf7+ Kg6 53.
Rf8 Rc1 54. Bd5 Rb1+ 55. Kc3 b5 56. axb5 Rxb5 57. Kc4 Ra5 58. Rg8+ Kf6 59. Rb8
Kg6 60. Kb4 Ra6 61. Rg8+ Kf6 62. Bc4 Ra7 63. Rc8 Kg6 64. Kc5 Rd7 65. Bd5 Nxf3
66. Rg8+ Kh6 67. Be6 Rd2 68. Bf5 Nh4 69. Re8 Nf3 70. Re7 Rc2+ 71. Kb4 1-0

[Event "Qatar Masters Open 2015"]
[Site "Doha QAT"]
[Date "2015.12.26"]
[Round "6.33"]
[White "Zhang, Zhong"]
[Black "Ali Marandi, Cemil Can"]
[Result "1-0"]
[WhiteElo "2619"]
[BlackElo "2454"]
[PlyCount "135"]
[EventDate "2015.12.20"]
[EventType "swiss"]
[EventRounds "9"]
[EventCountry "QAT"]
[Source "lmi"]
[SourceDate "2015.12.20"]

1. e4 e6 2. d3 d5 3. Qe2 dxe4 4. dxe4 e5 5. Nf3 Nc6 6. c3 Nf6 7. Qc2 a6 8. Be2
Bd6 9. h3 O-O 10. g4 b5 11. Bg5 Qe7 12. Nbd2 Nd8 13. Nh4 Ne6 14. Nf5 Qd8 15.
Bh4 Nf4 16. Bf3 b4 17. O-O-O bxc3 18. Qxc3 Bxf5 19. exf5 N6d5 20. Bxd8 Nxc3 21.
bxc3 Raxd8 22. Kc2 Be7 23. Bb7 Nd3 24. Ne4 Nc5 25. Nxc5 Bxc5 26. Bxa6 Bxf2 27.
Bb7 Rb8 28. Rb1 Rfd8 29. a4 Kf8 30. a5 Ke7 31. a6 Ba7 32. Rb4 Rd6 33. Re1 f6
34. g5 Rbd8 35. Rc4 fxg5 36. Rxc7+ Kf6 37. Bc8 Bb6 38. Rc4 h5 39. Rb1 Rd2+ 40.
Kb3 R8d6 41. Ra1 g4 42. hxg4 hxg4 43. a7 Bxa7 44. Rxa7 Rb6+ 45. Rb4 Rxb4+ 46.
cxb4 e4 47. Ra6+ Ke5 48. Re6+ Kf4 49. f6 gxf6 50. Rxf6+ Kg3 51. Rg6 e3 52. Bxg4
Kf4 53. Bh5 Rh2 54. Bd1 Rd2 55. Rg4+ Kf5 56. Rg1 e2 57. Bxe2 Rxe2 58. Rd1 Kf6
59. Ka4 Ke7 60. Ka5 Ra2+ 61. Kb6 Rb2 62. b5 Rc2 63. Kb7 Rb2 64. b6 Rc2 65. Ka7
Ra2+ 66. Kb8 Rb2 67. b7 Rc2 68. Ra1 1-0

[Event "Qatar Masters Open 2015"]
[Site "Doha QAT"]
[Date "2015.12.26"]
[Round "6.34"]
[White "Rohan, Ahuja"]
[Black "Vocaturo, Daniele"]
[Result "1/2-1/2"]
[WhiteElo "2426"]
[BlackElo "2597"]
[PlyCount "91"]
[EventDate "2015.12.20"]
[EventType "swiss"]
[EventRounds "9"]
[EventCountry "QAT"]
[Source "lmi"]
[SourceDate "2015.12.20"]

1. Nf3 Nf6 2. g3 g6 3. Bg2 Bg7 4. c4 O-O 5. d4 d6 6. Nc3 Nbd7 7. O-O e5 8. h3
c6 9. e4 Qb6 10. Re1 exd4 11. Nxd4 Re8 12. Nc2 Qc7 13. Be3 a6 14. f4 b6 15. Qd2
Nc5 16. Bd4 Bb7 17. Rad1 Rad8 18. Qf2 h5 19. e5 dxe5 20. Bxe5 Qc8 21. Qf3 Ba8
22. Nb4 Rxd1 23. Rxd1 Ncd7 24. Nxc6 Kh8 25. Rd6 Re6 26. Qd1 Bxc6 27. Bxc6 Rxd6
28. Qxd6 Nxe5 29. fxe5 Nh7 30. Ne4 Qf5 31. Qd8+ Nf8 32. Kg2 Qxe5 33. Qxb6 f5
34. Nf2 Ne6 35. Bd5 Nf8 36. b4 Qb2 37. Qd6 Kh7 38. Qe7 Qxa2 39. Qf7 Qd2 40. c5
Kh6 41. g4 Nd7 42. gxf5 Ne5 43. Qe6 Qg5+ 44. Kf1 Qc1+ 45. Kg2 Qg5+ 46. Kf1
1/2-1/2

[Event "Qatar Masters Open 2015"]
[Site "Doha QAT"]
[Date "2015.12.26"]
[Round "6.35"]
[White "Bok, Benjamin"]
[Black "Abhishek, Kelkar"]
[Result "1-0"]
[WhiteElo "2594"]
[BlackElo "2393"]
[PlyCount "105"]
[EventDate "2015.12.20"]
[EventType "swiss"]
[EventRounds "9"]
[EventCountry "QAT"]
[Source "lmi"]
[SourceDate "2015.12.20"]

1. e4 e5 2. Nf3 Nc6 3. Bb5 a6 4. Ba4 Nf6 5. O-O Be7 6. Re1 b5 7. Bb3 O-O 8. a4
Bb7 9. d3 d6 10. Nbd2 Na5 11. Ba2 b4 12. Nf1 Re8 13. c3 c5 14. cxb4 cxb4 15.
Bd2 Nc6 16. Ne3 Bf8 17. Rc1 Rb8 18. Ng5 Re7 19. Nd5 Rd7 20. Nxf6+ Qxf6 21. Nxh7
Qg6 22. Nxf8 Rxf8 23. Re3 Nd4 24. Rg3 Qh7 25. Bxb4 Rc8 26. Rxc8+ Bxc8 27. h3
Rc7 28. Bc4 Rxc4 29. dxc4 Qxe4 30. Re3 Qc6 31. b3 Bb7 32. Rg3 Nf5 33. Rg4 Nh6
34. Rg3 Nf5 35. Rg4 Nh6 36. Rg5 f6 37. Rg6 Nf5 38. Qg4 Bc8 39. Rxf6 Qb7 40. Be1
Nd4 41. Qg5 Qe4 42. Bd2 Qb1+ 43. Kh2 Ne2 44. Bc1 Qxc1 45. Qxc1 Nxc1 46. Rxd6
Kf7 47. b4 Ke7 48. Rg6 Nd3 49. Rxg7+ Kd6 50. b5 Nxf2 51. bxa6 Kc6 52. a7 Bb7
53. Rg8 1-0

[Event "Qatar Masters Open 2015"]
[Site "Doha QAT"]
[Date "2015.12.26"]
[Round "6.36"]
[White "Bluebaum, Matthias"]
[Black "Aryan, Chopra"]
[Result "1/2-1/2"]
[WhiteElo "2590"]
[BlackElo "2436"]
[PlyCount "67"]
[EventDate "2015.12.20"]
[EventType "swiss"]
[EventRounds "9"]
[EventCountry "QAT"]
[Source "lmi"]
[SourceDate "2015.12.20"]

1. d4 d5 2. c4 c6 3. Nf3 Nf6 4. g3 dxc4 5. Bg2 b5 6. Ne5 Bb7 7. O-O Nbd7 8. b3
Nxe5 9. dxe5 Qxd1 10. Rxd1 Nd5 11. bxc4 bxc4 12. e6 fxe6 13. Bb2 Rg8 14. Nc3 g6
15. Ne4 c3 16. Bxc3 Nxc3 17. Nxc3 Bg7 18. Rab1 Bxc3 19. Rxb7 Kf7 20. Rdd7 Bf6
21. Rxa7 Rxa7 22. Rxa7 c5 23. Rc7 Rd8 24. Rxc5 Rd2 25. a4 Rxe2 26. Rc4 Rd2 27.
Kf1 Bd4 28. Ke1 Rxf2 29. Rxd4 Rxg2 30. Rf4+ Ke8 31. Rf2 Rg1+ 32. Rf1 Rg2 33.
Rf2 Rg1+ 34. Rf1 1/2-1/2

[Event "Qatar Masters Open 2015"]
[Site "Doha QAT"]
[Date "2015.12.26"]
[Round "6.37"]
[White "Rambaldi, Francesco"]
[Black "Abdumalik, Zhansaya"]
[Result "1/2-1/2"]
[WhiteElo "2560"]
[BlackElo "2390"]
[PlyCount "85"]
[EventDate "2015.12.20"]
[EventType "swiss"]
[EventRounds "9"]
[EventCountry "QAT"]
[Source "lmi"]
[SourceDate "2015.12.20"]

1. Nf3 Nf6 2. c4 c5 3. Nc3 Nc6 4. d4 cxd4 5. Nxd4 e6 6. g3 Qb6 7. Ndb5 Ne5 8.
Bf4 Nfg4 9. e3 a6 10. Qa4 g5 11. Bxe5 Nxe5 12. O-O-O Rb8 13. Nd4 Qb4 14. Qc2
Be7 15. a3 Qa5 16. f4 Nc6 17. Nb3 Qc7 18. Ne4 gxf4 19. gxf4 Na5 20. Kb1 Nxb3
21. Qxb3 b5 22. Qc3 Rg8 23. cxb5 Qxc3 24. Nxc3 Bb7 25. e4 axb5 26. Bxb5 Bxe4+
27. Nxe4 Rxb5 28. Rd2 d5 29. Nc3 Rb7 30. Ka2 Rg4 31. Rf1 Bf6 32. Nd1 Ke7 33.
Ne3 Rg8 34. Re1 Kd7 35. Nc4 Rg4 36. Ne5+ Bxe5 37. fxe5 Rf4 38. Re3 f6 39. exf6
Rxf6 40. b4 Kd6 41. Red3 Rf4 42. Kb3 Rc7 43. Ka4 1/2-1/2

[Event "Qatar Masters Open 2015"]
[Site "Doha QAT"]
[Date "2015.12.26"]
[Round "6.38"]
[White "Svane, Rasmus"]
[Black "Li, Di"]
[Result "0-1"]
[WhiteElo "2529"]
[BlackElo "2389"]
[PlyCount "176"]
[EventDate "2015.12.20"]
[EventType "swiss"]
[EventRounds "9"]
[EventCountry "QAT"]
[Source "lmi"]
[SourceDate "2015.12.20"]

1. Nf3 Nf6 2. c4 g6 3. Nc3 Bg7 4. e4 e5 5. Nxe5 Qe7 6. d4 c5 7. Nf3 cxd4 8.
Nxd4 Nxe4 9. Nd5 Qd8 10. Nb5 O-O 11. Bd3 Nf6 12. Bg5 Qe8+ 13. Qe2 Nxd5 14. cxd5
Qxe2+ 15. Kxe2 Na6 16. Rhe1 b6 17. Be7 Nc5 18. Bxf8 Kxf8 19. Rab1 Ba6 20. Bc4
Na4 21. Nd6 Bxc4+ 22. Nxc4 b5 23. Nd6 Bxb2 24. Kf3 a6 25. Rbd1 f5 26. Re3 Bc3
27. a3 Ba5 28. g4 Bc7 29. Nb7 Rb8 30. Rde1 Rxb7 31. Re8+ Kf7 32. R1e7+ Kf6 33.
Rxd7 fxg4+ 34. Kxg4 h5+ 35. Kf3 Nc5 36. Rh7 Bxh2 37. Rxb7 Nxb7 38. Re6+ Kf5 39.
Rxa6 Nd6 40. a4 bxa4 41. Rxa4 Nf7 42. Ra8 Bd6 43. Kg2 g5 44. f3 Ke5 45. Ra7 Kf6
46. Ra6 Kf5 47. Ra7 Nh8 48. Rd7 Be5 49. d6 Ng6 50. Kf2 Ke6 51. Rh7 Nf4 52. d7
Bc7 53. Ke3 Bd8 54. Ke4 Nd5 55. Rh6+ Nf6+ 56. Kd4 Kxd7 57. Rg6 Ne8 58. Ke4 Bf6
59. Rh6 Bg7 60. Rg6 Bf6 61. Rh6 Be7 62. Ke5 h4 63. Kf5 Nd6+ 64. Kg4 Nf7 65. Ra6
Ne5+ 66. Kf5 Nxf3 67. Ra7+ Ke8 68. Kg4 Nd4 69. Ra4 Ne6 70. Ra8+ Kf7 71. Ra7 Nc5
72. Rc7 Kf6 73. Rc6+ Ne6 74. Ra6 Bc5 75. Ra1 Be3 76. Ra6 Ke5 77. Ra5+ Ke4 78.
Ra3 Nc5 79. Ra7 Nd3 80. Ra4+ Kd5 81. Ra5+ Kc4 82. Ra4+ Kb5 83. Ra3 Nf2+ 84. Kf5
Bc5 85. Rb3+ Kc4 86. Rb2 h3 87. Kxg5 h2 88. Rb1 Nh3+ 0-1

[Event "Qatar Masters Open 2015"]
[Site "Doha QAT"]
[Date "2015.12.26"]
[Round "6.41"]
[White "Basso, Pier Luigi"]
[Black "Schroeder, Jan-Christian"]
[Result "1/2-1/2"]
[WhiteElo "2438"]
[BlackElo "2511"]
[PlyCount "27"]
[EventDate "2015.12.20"]
[EventType "swiss"]
[EventRounds "9"]
[EventCountry "QAT"]
[Source "lmi"]
[SourceDate "2015.12.20"]

1. e4 d6 2. d4 Nf6 3. Nc3 e5 4. Nf3 Nbd7 5. Bc4 Be7 6. a4 O-O 7. O-O c6 8. h3
h6 9. Re1 exd4 10. Qxd4 Ne5 11. Be2 Ng6 12. Bc4 Ne5 13. Be2 Ng6 14. Bc4 1/2-1/2

[Event "Qatar Masters Open 2015"]
[Site "Doha QAT"]
[Date "2015.12.26"]
[Round "6.43"]
[White "Sunilduth Lyna, Narayanan"]
[Black "Nezad, Husein Aziz"]
[Result "1/2-1/2"]
[WhiteElo "2494"]
[BlackElo "2425"]
[PlyCount "131"]
[EventDate "2015.12.20"]
[EventType "swiss"]
[EventRounds "9"]
[EventCountry "QAT"]
[Source "lmi"]
[SourceDate "2015.12.20"]

1. e4 e5 2. Nf3 Nc6 3. Bb5 a6 4. Ba4 Nf6 5. O-O b5 6. Bb3 Bc5 7. c3 d6 8. d4
Bb6 9. a4 Rb8 10. Qd3 Bd7 11. Bg5 h6 12. Bh4 O-O 13. dxe5 dxe5 14. Bxf6 gxf6
15. Rd1 Be6 16. Bxe6 fxe6 17. Qe2 Qe8 18. Na3 f5 19. axb5 axb5 20. exf5 exf5
21. Nxb5 e4 22. Nh4 Kh7 23. Nd4 Nxd4 24. cxd4 Rd8 25. Rac1 Qe7 26. Nf3 Qg7 27.
Ne5 Rxd4 28. Nc6 Rxd1+ 29. Rxd1 Kh8 30. Kh1 Qg4 31. Qd2 f4 32. Ne5 Qh5 33. Nd7
Rf7 34. Nxb6 cxb6 35. Qd4+ Rg7 36. Re1 e3 37. Qxf4 Qg6 38. Qf3 exf2 39. Qxf2
Rf7 40. Qd4+ Qf6 41. Re8+ Kh7 42. Qe4+ Qf5 43. Kg1 b5 44. g4 Qxe4 45. Rxe4 Rc7
46. Kf2 Rc2+ 47. Re2 Rc4 48. Kg3 h5 49. gxh5 Rb4 50. Kf3 Rb3+ 51. Kf2 Kh6 52.
Ke1 Kxh5 53. Kd1 Kg5 54. Kc2 Rh3 55. Rf2 Kg6 56. Rf8 Kg7 57. Rf5 b4 58. b3 Rc3+
59. Kb2 Rh3 60. Rf4 Rxh2+ 61. Kb1 Kg6 62. Rxb4 Kf5 63. Ra4 Ke5 64. Ra2 Rh3 65.
Kb2 Kd5 66. Ra6 1/2-1/2

[Event "Qatar Masters Open 2015"]
[Site "Doha QAT"]
[Date "2015.12.26"]
[Round "6.45"]
[White "Mohammad, Nubairshah Shaikh"]
[Black "Shoker, Samy"]
[Result "0-1"]
[WhiteElo "2414"]
[BlackElo "2489"]
[PlyCount "71"]
[EventDate "2015.12.20"]
[EventType "swiss"]
[EventRounds "9"]
[EventCountry "QAT"]
[Source "lmi"]
[SourceDate "2015.12.20"]

1. d4 g6 2. c4 Bg7 3. e4 d6 4. Nc3 Nc6 5. Be3 e5 6. Nge2 Nh6 7. f3 f5 8. d5 Ne7
9. Qd2 Nf7 10. O-O-O O-O 11. Kb1 a6 12. Nc1 Bd7 13. Be2 Qb8 14. g4 b5 15. a3 b4
16. axb4 Qxb4 17. Nd3 Qb3 18. Qc2 Qb8 19. c5 fxg4 20. fxg4 Bh6 21. Bxh6 Nxh6
22. g5 Ng4 23. Qd2 Nf2 24. Nxf2 Rxf2 25. Qe3 Rf4 26. c6 Bc8 27. Rhf1 Qb4 28.
Rxf4 Rb8 29. Qd2 exf4 30. Rf1 a5 31. Rxf4 a4 32. Bb5 Rxb5 33. Qf2 Bf5 34. Nxb5
Nxd5 35. Ka1 Nxf4 36. Qxf4 0-1

[Event "Qatar Masters Open 2015"]
[Site "Doha QAT"]
[Date "2015.12.26"]
[Round "6.46"]
[White "Zhukova, Natalia"]
[Black "Saduakassova, Dinara"]
[Result "1/2-1/2"]
[WhiteElo "2488"]
[BlackElo "2407"]
[PlyCount "115"]
[EventDate "2015.12.20"]
[EventType "swiss"]
[EventRounds "9"]
[EventCountry "QAT"]
[Source "lmi"]
[SourceDate "2015.12.20"]

1. Nf3 Nf6 2. c4 e6 3. Nc3 b6 4. e4 Bb7 5. Qe2 Bb4 6. e5 Ng4 7. h3 Nh6 8. a3
Bxc3 9. dxc3 Nf5 10. Bg5 f6 11. exf6 gxf6 12. Bf4 Na6 13. Nd4 Ng7 14. O-O-O Qe7
15. Nb5 e5 16. Be3 d6 17. Rg1 Nc5 18. Bxc5 bxc5 19. a4 O-O 20. f4 Rae8 21. Qf2
Bc6 22. a5 e4 23. g4 f5 24. Qe3 a6 25. Na3 Rb8 26. Rd2 Qf7 27. g5 Rb3 28. Be2
Rfb8 29. h4 Be8 30. h5 Ne6 31. Bd1 R3b7 32. g6 Qf6 33. gxh7+ Kxh7 34. Rdg2 Qh6
35. Kb1 Bf7 36. Ba4 Rg8 37. Rxg8 Bxg8 38. Bd7 Bf7 39. Qh3 Qf6 40. Nc2 Rb8 41.
Bxe6 Bxe6 42. Rg6 Qf7 43. Ne3 Rg8 44. Rg5 c6 45. Qg3 d5 46. cxd5 cxd5 47. Rxg8
Qxg8 48. Qxg8+ Kxg8 49. Nc2 Kh7 50. b4 cxb4 51. Nxb4 Bc8 52. Nxd5 Kh6 53. Kc2
Kxh5 54. Kd2 Be6 55. Nc7 Bc8 56. Nd5 Be6 57. Nc7 Bc8 58. Nd5 1/2-1/2

[Event "Qatar Masters Open 2015"]
[Site "Doha QAT"]
[Date "2015.12.26"]
[Round "6.47"]
[White "Saiyn, Zhanat"]
[Black "Sanal, Vahap"]
[Result "1-0"]
[WhiteElo "2394"]
[BlackElo "2487"]
[PlyCount "43"]
[EventDate "2015.12.20"]
[EventType "swiss"]
[EventRounds "9"]
[EventCountry "QAT"]
[Source "lmi"]
[SourceDate "2015.12.20"]

1. d4 f5 2. Nc3 Nf6 3. Bg5 d5 4. Bxf6 exf6 5. e3 c6 6. Bd3 Bd6 7. Qf3 g6 8.
Nge2 Qc7 9. h3 h5 10. g4 Na6 11. gxf5 g5 12. e4 dxe4 13. Nxe4 Be7 14. Bxa6 bxa6
15. O-O-O Kf7 16. Nc5 Bxc5 17. dxc5 Qe5 18. Nd4 Qxc5 19. Rhe1 Qd5 20. Nxc6 Qxf5
21. Re7+ Kg6 22. Ne5+ 1-0

[Event "Qatar Masters Open 2015"]
[Site "Doha QAT"]
[Date "2015.12.26"]
[Round "6.48"]
[White "Roy, Prantik"]
[Black "Tabatabaei, M.Amin"]
[Result "1-0"]
[WhiteElo "2370"]
[BlackElo "2482"]
[PlyCount "135"]
[EventDate "2015.12.20"]
[EventType "swiss"]
[EventRounds "9"]
[EventCountry "QAT"]
[Source "lmi"]
[SourceDate "2015.12.20"]

1. c4 Nf6 2. Nc3 d5 3. cxd5 Nxd5 4. d4 g6 5. Bd2 Bg7 6. e4 Nxc3 7. Bxc3 O-O 8.
Bc4 c5 9. d5 Bxc3+ 10. bxc3 Nd7 11. Nf3 Qc7 12. O-O Rd8 13. Qd2 Kg7 14. Qg5 Nf6
15. Rfe1 h6 16. Qe3 e5 17. Nd2 Ne8 18. g3 Nd6 19. Bf1 c4 20. a4 Bd7 21. Reb1
Re8 22. a5 Bb5 23. Bh3 b6 24. axb6 axb6 25. Rxa8 Rxa8 26. f4 Re8 27. Kg2 Qc5
28. Qxc5 bxc5 29. Kf3 Re7 30. Ra1 f5 31. exf5 gxf5 32. Bf1 e4+ 33. Ke3 Rd7 34.
Ra5 Rb7 35. Be2 Kg6 36. h3 h5 37. Ra8 h4 38. gxh4 Kf6 39. Rf8+ Ke7 40. Rh8 Rd7
41. h5 Kf6 42. Rf8+ Kg7 43. Rb8 Ba6 44. Rb6 Bb7 45. Bxc4 Nxc4+ 46. Nxc4 Bxd5
47. Ne5 Ra7 48. Rd6 Bg8 49. Rd7+ Rxd7 50. Nxd7 c4 51. Kd4 Kh6 52. Ne5 e3 53.
Kxe3 Kxh5 54. Nf3 Bd5 55. Ng5 Kh4 56. Kd4 Bb7 57. Ke5 Bc8 58. Nf7 Kxh3 59. Nd6
Bd7 60. Nxc4 Kg4 61. Ne3+ Kh5 62. Kf6 Kh4 63. c4 Kh5 64. c5 Kh4 65. Nd5 Kg4 66.
Ke5 Bc6 67. Ne7 Be4 68. c6 1-0

[Event "Qatar Masters Open 2015"]
[Site "Doha QAT"]
[Date "2015.12.26"]
[Round "6.49"]
[White "Tissir, Mohamed"]
[Black "Ly, Moulthun"]
[Result "0-1"]
[WhiteElo "2346"]
[BlackElo "2462"]
[PlyCount "140"]
[EventDate "2015.12.20"]
[EventType "swiss"]
[EventRounds "9"]
[EventCountry "QAT"]
[Source "lmi"]
[SourceDate "2015.12.20"]

1. e4 c5 2. Nf3 e6 3. d4 cxd4 4. Nxd4 a6 5. Nc3 Qc7 6. Bd3 Bc5 7. Nb3 Be7 8.
Qe2 d6 9. O-O Nf6 10. f4 Nbd7 11. Bd2 b5 12. Rae1 b4 13. Nd1 O-O 14. Nf2 a5 15.
e5 Nd5 16. Nd4 Qb6 17. Nxe6 fxe6 18. Qh5 Rf5 19. Bxf5 exf5 20. Qe8+ Nf8 21. e6
Qd8 22. Qf7+ Kh8 23. Qxf5 Nc7 24. Qg4 Bxe6 25. f5 Bg8 26. Ne4 Nd7 27. Ng5 Ne5
28. Qh5 Nd5 29. Kh1 Rc8 30. c3 bxc3 31. bxc3 Bf6 32. Ne4 Be7 33. Qh3 Rc4 34.
Re2 Ra4 35. Bc1 Nf6 36. Ng5 Bxa2 37. Rfe1 Bg8 38. Ne6 Qc8 39. Nf4 Bf7 40. Be3
Re4 41. Bc1 Rxe2 42. Rxe2 Kg8 43. Ne6 Bxe6 44. fxe6 Nfg4 45. Qg3 Qxe6 46. h3
Nf6 47. Rb2 Nfd7 48. Bf4 a4 49. Rb7 Nc5 50. Ra7 Bf8 51. Ra8 Qd5 52. Ra7 Ng6 53.
Be3 Ne4 54. Qe1 Qe5 55. Rxa4 Nxc3 56. Ra7 Ne4 57. Kg1 h6 58. Qf1 Kh7 59. Ra8
Nf6 60. Qf2 Qe4 61. Ra7 Nd5 62. Bd4 Ndf4 63. Kh2 d5 64. g3 Ne6 65. Be3 d4 66.
Bc1 Ne5 67. g4 Nf3+ 68. Kg2 Nfg5+ 69. Kf1 Qh1+ 70. Qg1 Qxh3+ 0-1

[Event "Qatar Masters Open 2015"]
[Site "Doha QAT"]
[Date "2015.12.26"]
[Round "6.50"]
[White "Lorparizangeneh, Shahin"]
[Black "Firouzja, Alireza"]
[Result "0-1"]
[WhiteElo "2454"]
[BlackElo "2372"]
[PlyCount "142"]
[EventDate "2015.12.20"]
[EventType "swiss"]
[EventRounds "9"]
[EventCountry "QAT"]
[Source "lmi"]
[SourceDate "2015.12.20"]

1. d4 Nf6 2. c4 g6 3. f3 Bg7 4. e4 d6 5. Ne2 O-O 6. Be3 Nc6 7. Nbc3 a6 8. Qd2
Rb8 9. Rc1 Bd7 10. b3 b5 11. cxb5 axb5 12. d5 Ne5 13. Nd4 Qe8 14. a3 e6 15. Be2
exd5 16. exd5 Nh5 17. Ne4 Rb7 18. O-O Qa8 19. Nc6 f5 20. Ng5 f4 21. Bd4 Qe8 22.
Na5 Rb8 23. Ne4 Rc8 24. Qc3 Rf5 25. Rfe1 Qf7 26. Nc6 Nxc6 27. dxc6 Be6 28. Bxg7
Qxg7 29. Qxg7+ Nxg7 30. a4 b4 31. Ba6 Ra8 32. Bb7 Raa5 33. Nd2 d5 34. Kf2 Kf7
35. Rc2 Ke7 36. g4 Rf8 37. Ke2 Bg8 38. h4 h6 39. Kf2+ Ne6 40. Rcc1 Kf6 41. Kg2
Nc5 42. Re2 Be6 43. Rce1 Kf7 44. Re5 Rd8 45. R5e2 Rd6 46. Rc1 Rd8 47. Rce1 Ra7
48. Rc1 Nxb7 49. cxb7 Rxb7 50. Rc5 Ke7 51. Re1 Kd6 52. Rec1 Bd7 53. Ra5 c6 54.
Kf2 Re8 55. Nf1 Rbb8 56. Ra7 c5 57. Nd2 Re3 58. Rd1 Rd3 59. a5 Re8 60. a6 Kc6
61. Kf1 c4 62. bxc4 dxc4 63. Rc1 Rxd2 64. Rxc4+ Kb6 65. Rb7+ Kxa6 66. Rcxb4 Re5
67. R4b6+ Ka5 68. Rb1 Rb5 69. Ra1+ Kb4 70. Rb1+ Kc5 71. Rc7+ Kb6 0-1